[Event "AUTO-OPEN-4642"]
[Site "http://www.queenalice.com/game.php?id=1870167"]
[Date "2026.3.7"]
[Round "1"]
[White "peonaislado"]
[Black "pomar"]
[Result "0-1"]
[WhiteElo "1770"]
[BlackElo "1938"]

1. e4 e6 2. d4 d5 3. exd5 exd5 4. c4 Bb4+ 5. Nc3 dxc4 6. Bxc4 Ne7 7. Nf3 Nbc6 8.
d5 Na5 9. Bb5+ Bd7 10. Bg5 Bxb5 11. a3 Bxc3+ 12. bxc3 Qxd5 13. Qe2 Bxe2 0-1

[Event "AUTO-OPEN-4642"]
[Site "http://www.queenalice.com/game.php?id=1870168"]
[Date "2026.3.7"]
[Round "1"]
[White "pomar"]
[Black "peonaislado"]
[Result "1-0"]
[WhiteElo "1948"]
[BlackElo "1755"]

1. f3 f6 2. Kf2 e5 3. e3 d5 4. d4 exd4 5. Qxd4 Nc6 6. Bb5 a6 7. Bxc6+ bxc6 8.
Ne2 c5 9. Qa4+ Bd7 10. Qh4 Nh6 11. e4 dxe4 12. Qxe4+ Be7 13. Bxh6 gxh6 14. Qh4
Bf5 15. c4 O-O 16. Qxh6 Bd6 17. Nbc3 c6 18. Ng3 Bxg3+ 19. hxg3 Ra7 20. Qh5 Bg6
21. Qh6 Qd4+ 22. Ke2 Qxc4+ 23. Kf2 Rb7 24. Rab1 Rd8 25. Rh4 Rd2+ 26. Qxd2 Bxb1
27. Rxc4 1-0

[Event "AUTO-OPEN-4642"]
[Site "http://www.queenalice.com/game.php?id=1870169"]
[Date "2026.3.7"]
[Round "1"]
[White "peonaislado"]
[Black "josebaron"]
[Result "0-1"]
[WhiteElo "1761"]
[BlackElo "2207"]

1. e4 e5 2. Nf3 Nc6 3. Bb5 d6 4. d3 Bg4 5. Be3 Nf6 6. Nbd2 Be7 7. h3 Bxf3 8.
Nxf3 O-O 9. O-O a6 10. Bxc6 bxc6 11. c3 Re8 12. Qc2 Bf8 13. d4 exd4 14. cxd4
Nxe4 15. Bg5 Nxg5 16. Nxg5 Qxg5 17. Qxc6 Qb5 18. Qxc7 Rac8 19. Qa7 Ra8 20. Qc7
Rec8 21. a4 Qxb2 22. Qa5 Qxd4 23. Rfd1 Qe5 24. Rd5 Qxa1+ 0-1

[Event "AUTO-OPEN-4642"]
[Site "http://www.queenalice.com/game.php?id=1870170"]
[Date "2026.3.7"]
[Round "1"]
[White "josebaron"]
[Black "peonaislado"]
[Result "1-0"]
[WhiteElo "2144"]
[BlackElo "1757"]

1. e4 e5 2. Nf3 Nc6 3. Bb5 a6 4. Bxc6 dxc6 5. Nxe5 Be6 6. O-O Nf6 7. d3 c5 8.
Bg5 Bd6 9. Nc4 Bxc4 10. dxc4 O-O 11. Re1 Be5 12. Qxd8 Raxd8 13. c3 Rfe8 14. Nd2
Re6 15. Nf3 Bd6 16. e5 Bxe5 17. Rxe5 h6 18. Rxe6 fxe6 19. Bxf6 gxf6 20. h4 e5
21. Re1 Kg7 22. Kf1 Kg6 23. g4 h5 24. g5 Re8 25. gxf6 Kxf6 26. Kg2 e4 27. Ng5
Kf5 28. Kg3 c6 29. f4 e3 30. Kf3 e2 31. a4 Re4 32. Nxe4 1-0